000 00562nam a22001697a 4500
010 _aENG-120657
020 _c189.00
_a9789395217217
035 _aEN-104189
037 _bDBAD/PUB
082 _a230
100 _aSuri ,Yudhvir
_959262
245 _aThe key Concepts of Hinduism and Shaivism/
_cby Dr. Yudhir Suri
260 _aGurgaon
_bZorba Books Pvt. Ltd (opc)
_c2023
270 _aSushant Arcade, Next to Courtyard Marriot, Sushant Lok1,
_bGurgaon
_e12209
300 _a74p.
_b20cm (pbk).
942 _2ddc
_cEN
_h230
_mSUR
999 _c144484
_d144484